000
00306nam a22001217a 4500
008
160513b xxu||||| |||| 00| 0 eng d
020
_a
9781581100563
020
_a
1581100566
041
_a
eng
080
_a
611
245
_a
Neonatal resuscitation:
_c
John Kattwinkel MD; Jerry Short Ph D;
942
_2
udc
_c
BK
999
_c
2141
_d
2141